000 00770nam a2200241Ia 4500
003 OSt
005 20220925232536.0
006 a|||||r|||| 00| 0
007 ta
008 220923b |||||||| |||| 00| 0 eng d
037 _cGeneral Book
040 _aRTL
_cRTL
_beng
041 _2eng
_aeng
082 _aX9(J):77.211.N9, P0/GD
100 _aRajgopalan V
_9297432
245 0 _aProblems and prospects of agricultural development in Tamil
260 _aMumbai
_bNBARD India
_c2000
300 _a159p.
_ccm.
490 _aNational bank for agricultural and rural development occosional papers, 13.
650 _aAgriculture Industries-prices
942 _hX9(J):77.211.N9, P0/GD
_cGB
_2CC
999 _c591567
_d591567